|
|
|
|
| LEADER |
01604nam a2200409Ia 4500 |
| 001 |
EBC214777 |
| 003 |
MiAaPQ |
| 005 |
20200520144314.0 |
| 006 |
m o d | |
| 007 |
cr cn||||||||| |
| 008 |
040916s2005 enk sb 001 0 eng d |
| 020 |
|
|
|z 0415346797 :
|
| 035 |
|
|
|a (MiAaPQ)EBC214777
|
| 035 |
|
|
|a (Au-PeEL)EBL214777
|
| 035 |
|
|
|a (CaPaEBR)ebr10162241
|
| 035 |
|
|
|a (CaONFJC)MIL17105
|
| 035 |
|
|
|a (OCoLC)275259706
|
| 040 |
|
|
|a MiAaPQ
|c MiAaPQ
|d MiAaPQ
|
| 050 |
|
4 |
|a DS849.C45
|b H34 2005
|
| 082 |
0 |
4 |
|a 327.5205109045
|2 22
|
| 100 |
1 |
|
|a Hagstrom, Linus.
|
| 245 |
1 |
0 |
|a Japan's China policy
|h [electronic resource] :
|b a relational power analysis /
|c Linus Hagstro m.
|
| 260 |
|
|
|a London :
|b Routledge,
|c 2005.
|
| 300 |
|
|
|a 234 p.
|
| 490 |
1 |
|
|a European Institute of Japanese studies East Asian economics and business series
|
| 504 |
|
|
|a Includes bibliographical references and index.
|
| 533 |
|
|
|a Electronic reproduction. Ann Arbor, MI : ProQuest, 2015. Available via World Wide Web. Access may be limited to ProQuest affiliated libraries.
|
| 650 |
|
0 |
|a International relations.
|
| 651 |
|
0 |
|a Japan
|x Foreign relations
|z China.
|
| 651 |
|
0 |
|a China
|x Foreign relations
|z Japan.
|
| 651 |
|
0 |
|a Japan
|x Foreign relations
|y 1945-1989.
|
| 651 |
|
0 |
|a Japan
|x Foreign relations
|y 1989-
|
| 651 |
|
0 |
|a China
|x Foreign relations
|y 1949-
|
| 655 |
|
4 |
|a Electronic books.
|
| 710 |
2 |
|
|a ProQuest (Firm)
|
| 830 |
|
0 |
|a European Institute of Japanese Studies East Asian economics & business series.
|
| 856 |
4 |
0 |
|u https://ebookcentral.proquest.com/lib/matrademy/detail.action?docID=214777
|z Click to View
|